000 01063cam a2200337 4500
999 _c23435
_d23435
001 vtls012060299
005 20221011072820.0
008 210629s2021 xo gr 010 f slo
020 _a9788055178714
_q(viazané)
040 _aTOTK
_bslo
_cTOTK
_dSNK
_erda
041 _aslo
044 _axo
_cSK
072 7 _a821.162.4-3
_xSlovenská próza
_2konspekt
080 _a821.162.4-31
_22011
080 _a(0:82-312.4)
_22011
100 1 _aKozmon, František,
_d1988-
_4aut
_93653
245 1 0 _aVolavka
_cFrantišek Kozmon
250 _aPrvé vydanie
264 1 _aBratislava
_bIkar
_c2021
300 _a348 strán
_c21 cm
336 _atext
_btxt
_2rdacontent
337 _abez média
_bn
_2rdamedia
338 _azväzok
_bnc
_2rdacarrier
500 _aObsahuje biografické údaje o autorovi
500 _aNadväzuje na predchádzajúcu knihu Červ
655 7 _aslovenské romány
_2SNKPH
_91694
655 7 _adetektívne romány
_2SNKPH
_91710
655 7 _aSlovak fiction
_2SNKPHeng
_91695
655 7 _aDetective stories
_2SNKPHeng
_93654
958 _aLX